00813nam a2200241Ia 4500001000600000003000900006008004100015040001300056040001300069041001300082100002200095100002900117245007900146245006800225250001100293260001100304260002100315260004900336300005900385500008100444650001500525650003100540H3148IT-RoPAU130308s9999 xx 000 0 und d aIT-RoPAU cIT-RoPAU aITALIANO aScolari Carlos A. gCodice Aut. SPICS: 57221 aPer un pugno di iperlibri. Iperfiction, narrativa e retorica ipertestuale bForme della Testualità€. Teoria, Modelli, storia e Prospettive a1a ed. aTORINO bTesto & Immagine c2001 [1° Ed.:2001 - Ed.Ling.Originale:2001] a"10 p. (prefazione: no ; testo: 10 [pagine: 303-312])" aPrecursori. Iper Romanzi. Interazioni. Tassonomie. Enunciazione. Immersione. aSEMIOLOGIA eCodice materia Spics: 3251